000 00424nam a22001817a 4500
003 CEME
005 20210628202250.0
008 210301b xxu||||| |||| 00| 0 eng d
020 _a969-35-0904-8
040 _c.
082 _a891.4393 BAN
100 _aBano Qudsia
_99437
245 _aChahaar chaman
260 _aLAHORE
_bSANG-E-MELL
_c1999
300 _a599P
650 _aURDU ADAB-NOVEL
_920918
942 _cBK
_2ddc
999 _c569129
_d569129